00512nam a2200181Ia 4500008004100000020001800041082000800059100001600067245004400083250000600127260003300133300001600166500002400182650001000206942000700216952009000223999001700313230524s9999 xx 000 0 und d a9781259006760 bGAM aM L Gambhir 0aFundamentals of Structural Steel Design a2 aNew DelhibWiley Indiac2013 a"XI, L.Lp;" aQuantity Number: 1 aCivil cBK 00104070aTATCLbTATCLcGENd2023-05-24l0o GAMp54153r2023-05-24w2023-05-24yBK c57861d57861